| 000 | 00362nam a2200145Ia 4500 | ||
|---|---|---|---|
| 008 | 230128s9999 xx 000 0 und d | ||
| 041 | _aeng | ||
| 082 |
_aPAT PR0219 _bPAT |
||
| 100 |
_aPatole M D (2K4220) _9118929 |
||
| 245 | _aAdmission Management System | ||
| 260 |
_c2006 _bPune University _aPune |
||
| 300 | _a94p | ||
| 502 | _cVaze S | ||
| 999 |
_c97227 _d97227 |
||